00639nam a2200157Ia 4500008004100000100003500041245015100076245003500227260005900262260000900321650001800330650001500348856002600363999001900389952007300408170221s9999 xx 000 0 und d aUğur Batı Bunyamin Atıcı. 2aA Thematic Content Analysis Concerning the Emotional Message Repertory of the TV Commercials of the Products Directed at the Young Target Audience cUğur Batı Bunyamin Atıcı. bOnline Journal of Communication and Media Technologies c2013 xCommunication xMedia Arts uhttp://www.ojcmt.net/ c310552d310552 001040aCLbCLd2017-02-21l0r2017-02-21 00:00:00w2017-02-21yFOJ